00287nam a2200097Ia 4500008004100000020001500041245006200056260003300118260001000151300002800161191206s9999 xx 000 0 und d a9966081453 0aMaking choices for peace: aid agencies in field diplomacy aPaulines Publications Africa cc2006 a192 p . : ill. ; 21 cm.